000 00283nam a22001337a 4500
008 171010b xxu||||| |||| 00| 0 eng d
020 _a9780847699490
041 _aeng
080 _a316
100 _a50
101 _aSOC
245 _aTANGLED ROUTES
_cBARNDT, D
942 _2udc
_cBK
999 _c32769
_d32769